Handbook of energy audits / (Record no. 27519)

000 -LEADER
fixed length control field 03874cam a2200553Ii 4500
001 - CONTROL NUMBER
control field 9781003151722
003 - CONTROL NUMBER IDENTIFIER
control field FlBoTFG
005 - DATE AND TIME OF LATEST TRANSACTION
control field 20240802123803.0
006 - FIXED-LENGTH DATA ELEMENTS--ADDITIONAL MATERIAL CHARACTERISTICS
fixed length control field m o d
007 - PHYSICAL DESCRIPTION FIXED FIELD--GENERAL INFORMATION
fixed length control field cr cnu|||unuuu
008 - FIXED-LENGTH DATA ELEMENTS--GENERAL INFORMATION
fixed length control field 210108s2020 dk a obf 001 0 eng d
020 ## - INTERNATIONAL STANDARD BOOK NUMBER
International Standard Book Number 9781003151722
Qualifying information (electronic bk.)
International Standard Book Number 1003151728
Qualifying information (electronic bk.)
International Standard Book Number 9788770223034
Qualifying information (electronic bk. : PDF)
International Standard Book Number 8770223033
Qualifying information (electronic bk. : PDF)
International Standard Book Number 9781000354843
Qualifying information (electronic bk. : Mobipocket)
International Standard Book Number 1000354849
Qualifying information (electronic bk. : Mobipocket)
Canceled/invalid ISBN 9781466561625
International Standard Book Number 9781000355956
Qualifying information (electronic bk. : EPUB)
International Standard Book Number 1000355950
Qualifying information (electronic bk. : EPUB)
035 ## - SYSTEM CONTROL NUMBER
System control number (OCoLC)1229166095
System control number (OCoLC-P)1229166095
040 ## - CATALOGING SOURCE
Original cataloging agency OCoLC-P
Language of cataloging eng
Description conventions rda
-- pn
Transcribing agency OCoLC-P
050 #4 - LIBRARY OF CONGRESS CALL NUMBER
Classification number TJ163.245
Item number .T48 2020eb
072 #7 - SUBJECT CATEGORY CODE
Subject category code BUS
Subject category code subdivision 093000
Source bisacsh
Subject category code TEC
Subject category code subdivision 005050
Source bisacsh
Subject category code KFFR
Source bicssc
082 04 - DEWEY DECIMAL CLASSIFICATION NUMBER
Classification number 658.2/6
Edition number 23
100 1# - MAIN ENTRY--PERSONAL NAME
Personal name Thumann, Albert,
Relator term author.
245 10 - TITLE STATEMENT
Title Handbook of energy audits /
Statement of responsibility, etc. Albert Thumann, P.E. C.E.M., Terry Niehus, P.E., C.E.M., William J. Younger, P.E., C.E.M..
250 ## - EDITION STATEMENT
Edition statement Ninth edition.
264 #1 - PRODUCTION, PUBLICATION, DISTRIBUTION, MANUFACTURE, AND COPYRIGHT NOTICE
Place of production, publication, distribution, manufacture Gistrup, Denmark :
Name of producer, publisher, distributor, manufacturer River Publishers ;
Place of production, publication, distribution, manufacture London :
Name of producer, publisher, distributor, manufacturer Routledge, Taylor & Francis Group,
Date of production, publication, distribution, manufacture, or copyright notice 2020.
300 ## - PHYSICAL DESCRIPTION
Extent 1 online resource (495 pages) :
Other physical details illustrations
336 ## - CONTENT TYPE
Content type term text
Content type code txt
Source rdacontent
337 ## - MEDIA TYPE
Media type term computer
Media type code c
Source rdamedia
338 ## - CARRIER TYPE
Carrier type term online resource
Carrier type code cr
Source rdacarrier
500 ## - GENERAL NOTE
General note "First published by Fairmont Press in 2013."
505 0# - FORMATTED CONTENTS NOTE
Formatted contents note Energy Auditing Basics. Energy Accounting and Analysis. Understanding the Utility Bill. Energy Economics. Survey Instrumentation. The Building Envelope Audit. The Electrical System Audit. The Heating, Ventilating and Air-Conditioning Audit. Upgrading HVAC Systems for Energy Efficiency. Verification of System Performance. The Physical Plant Audit. Central Plant Retrofit Considerations. Maintenance and Energy Audits. Self-Evaluation Checklists. In Transition from Energy Audits to Industrial Assessments. A Compendium of Handy Working Aids. Energy Audi ling Software Directory. Retro-commissioning. Investment Grade Energy. Audits. Glossary. Index.
520 ## - SUMMARY, ETC.
Summary, etc. This best-selling handbook is the most comprehensive and practical reference available on energy auditing in buildings and industry. Topics include energy assessment and computer software which will guide you in planning and carrying out a thorough and accurate energy audit of any type of facility, including electrical, mechanical and building systems analysis. Clear, easy-to-follow instructions guide you through accounting procedures, rate of return and life cycle cost analysis. Also covered is information on understanding your utility bill and using that knowledge to trim your energy costs. Loaded with forms, checklists and handy working aids, book is required reading for anyone responsible for conducting or overseeing a facility energy audit.Completely edited throughout, this latest edition includes a new chapter on investment grade energy audits and also a new chapter on retro-commissioning and energy audits. Revisions include new information on ISO 50001 and the Superior Energy Performance program plus a completely updated chapter on software.
588 ## - SOURCE OF DESCRIPTION NOTE
Source of description note OCLC-licensed vendor bibliographic record.
650 #0 - SUBJECT ADDED ENTRY--TOPICAL TERM
Topical term or geographic name entry element Energy auditing
Form subdivision Handbooks, manuals, etc.
Topical term or geographic name entry element BUSINESS & ECONOMICS / Facility Management
Source of heading or term bisacsh
Topical term or geographic name entry element TECHNOLOGY / Construction / Heating, Ventilation & Air Conditioning
Source of heading or term bisacsh
700 1# - ADDED ENTRY--PERSONAL NAME
Personal name Niehus, Terry,
Relator term author.
Personal name Younger, William J.,
Relator term author.
856 40 - ELECTRONIC LOCATION AND ACCESS
Materials specified Taylor & Francis
Uniform Resource Identifier <a href="https://www.taylorfrancis.com/books/9781003151722">https://www.taylorfrancis.com/books/9781003151722</a>
Materials specified OCLC metadata license agreement
Uniform Resource Identifier <a href="http://www.oclc.org/content/dam/oclc/forms/terms/vbrl-201703.pdf">http://www.oclc.org/content/dam/oclc/forms/terms/vbrl-201703.pdf</a>
942 ## - ADDED ENTRY ELEMENTS (KOHA)
Source of classification or shelving scheme
Koha item type E-Book

No items available.

Designed and Maintained by IMU-KC Library, Kolkata Campus © Copyright All Rights Reserved

webs counters

Powered by Koha